Cuestiones sobre gobernanza urbana / Bernard Jouve : traducción y edición a cargo de José Manuel Rodríguez Álvarez traducción y edición a cargo de José Manuel Rodríguez Álvarez
ISBN:
84-95417-58-8
Descripción Física:
169 p. ; 24 cm
Colección:
Estudis ; 19
Otros Autores:
Rodríguez Álvarez, José Manuel, tr
MARC
| LEADER | 00000nam a2200000Ia 4500 | ||
|---|---|---|---|
| 001 | 17590 | ||
| 008 | 160829s2005 xx 000 0 cat d | ||
| 020 | |a 84-95417-58-8 | ||
| 080 | |a M-5-199 | ||
| 100 | |a Jouve, Bernard |9 26255 | ||
| 245 | |a Cuestiones sobre gobernanza urbana / Bernard Jouve : |b traducción y edición a cargo de José Manuel Rodríguez Álvarez | ||
| 260 | |a Barcelona : |b Fundació Carles Pi i Sunyer d'Estudis Autonòmics i Locals, |c 2005 | ||
| 300 | |a 169 p. ; |c 24 cm | ||
| 490 | |a Estudis ; 19 | ||
| 590 | |a Bibliografia. | ||
| 590 | |a Índex | ||
| 650 | 0 | |a Administració local |9 34286 | |
| 650 | 0 | |a Política urbana |9 49061 | |
| 700 | |a Rodríguez Álvarez, José Manuel, tr. |9 26256 | ||
| 901 | |a Arxiu | ||
| 942 | |n 1 | ||
| 952 | |0 0 |1 0 |4 0 |6 M5199 |7 1 |9 43934 |a Arxiu |b Arxiu |d 2016-12-01 |l 0 |o M-5-199 |p 17590 |r 2016-12-01 00:00:00 |w 2016-12-01 |y ARXIU | ||
| 999 | |c 46514 |d 46514 | ||